000 00309pam a2200157 a 4500
020 _c
041 _h
100 _aK. M. Gokhale
245 _aOrganic And Inorganic Chemistry
250 _aIIIrd
260 _c1998
300 _a182
653 _achemistry
700 _aD. B. Kulkarni
930 _a190
999 _c246043
_d246043